00866nam a22002297a 4500999001700000005001700017008004100034017004200075040002300117082002500140100002900165245006600194250000900260260006600269300002600335504006100361650004800422650002900470651001000499942001200509952011500521 c65026d6502620240530110803.0190216s2018 ua a g b 000 0 ara d a2017/25422bمصر. دار الكتب aEG-CaGPLcEG-CaGPL04221a796.077 \bم ت0 aمفتى ابراهيم 12aالتمرينات البدنية /cمفتى ابراهيم  aط.1 aالقاهرة : bمركز الكتاب للنشر،c2018 . a166 ص. ؛c24 سم.  aيشتمل على ارجاعات ببليوجرافية 072qrmakaالتمرينات الرياضية 072qrmakaالتمارين  2qrmak 2ddccBK 00104070aCAIbCAIcART-LIBRARYd2019-02-16l0o796.077 \ م تp165566r2019-02-16 00:00:00w2019-02-16yBK